Sentencia dictada contra el P.O.U.M. (1938) / (Record no. 21151)

MARC details
000 -LEADER
campo de control de longitud fija 00479nam a2200169 i 4500
001 - NÚMERO DE CONTROL
campo de control 21151
003 - IDENTIFICADOR DE NÚMERO DE CONTROL
campo de control ES-MaACL
005 - FECHA Y HORA DE LA ÚLTIMA TRANSACCIÓN
campo de control 20230906152429.0
007 - CAMPO FIJO DE DESCRIPCIÓN FÍSICA--INFORMACIÓN GENERAL
campo de control de longitud fija t|
008 - DATOS DE LONGITUD FIJA--INFORMACIÓN GENERAL
campo de control de longitud fija 021121s1974 mx ||||1| spa d
100 1# - ENTRADA PRINCIPAL--NOMBRE DE PERSONA
Nombre de persona Alba, Víctor.
9 (RLIN) 19198
245 10 - MENCIÓN DEL TÍTULO
Título Sentencia dictada contra el P.O.U.M. (1938) /
Mención de responsabilidad, etc. Víctor Alba.
250 ## - MENCION DE EDICION
Mención de edición [1ª ed.].
260 ## - PUBLICACIÓN, DISTRIBUCIÓN, ETC.
Lugar de publicación, distribución, etc. México :
Nombre del editor, distribuidor, etc. [s.n.,
Fecha de publicación, distribución, etc. 1974] (
Fabricante Tall. B. Costa-Amic)
300 ## - DESCRIPCIÓN FÍSICA
Extensión 15 p. ;
Dimensiones 20 cm.
852 ## - LOCALIZACIÓN
Ubicación ES-MaACL
Número de control de estantería 2096-F-3
Sublocalización o colección R.92603
Holdings
Estatus retirado Estado de pérdida Estado de daño No para préstamo Colección Biblioteca de origen Biblioteca actual Ubicación en estantería Fecha de adquisición Fuente de adquisición Total de préstamos Signatura topográfica completa Código de barras Visto por última vez Precio de reemplazo Tipo de ítem Koha
        Colección de folletos Biblioteca del Ateneo de Madrid Biblioteca del Ateneo de Madrid Depósito folletos 17/01/2008     2096-F-3 1021725 23/02/2023 23/02/2023 Folleto